Statistics for David Beckham Quiz

Click here to take the quiz!

General Stats

  • This quiz has been taken 1,645 times
    (1,644 since last reset)
  • The average score is 6 of 11

Answer Stats

HintAnswer% Correct
Year David Beckham was born1975
84%
Year he left Real Madrid to sign for LA Galaxy2007
83%
Italian team he joined on loan from LA Galaxy on two separate occasionsAC Milan
79%
Team he scored infamous free-kick against in 2001, to help England qualify for the 2002 FIFA World CupGreece
74%
Object Sir Alex Ferguson allegedly threw at Beckham's head, after FA Cup defeat to Arsenal in 2003Boot
68%
Team he scored 'halfway line' goal against in 1996Wimbledon
63%
Name of his daughter born in July 2011Harper Seven
35%
Argentinean player he was sent off for kicking in the 1998 FIFA World CupDiego Simeone
33%
Team he won his 100th England cap against in 2008France
25%
Team he will play for this summer in LondonTeam GB
15%
Team he made his England debut against in the same yearMoldova
10%

Score Distribution

Percentile by Number Answered

Percent of People with Each Score

Your Score History

You have not taken this quiz since the last reset